<?xml version="1.0" encoding="UTF-8"?>
<collection xmlns="http://www.loc.gov/MARC21/slim">
  <record>
    <leader>00000nam  2200000   4500</leader>
    <controlfield tag="001">INLIS000000000053651</controlfield>
    <controlfield tag="005">20200603095835</controlfield>
    <datafield tag="035" ind1="#" ind2="#">
      <subfield code="a">0010-1118000026</subfield>
    </datafield>
    <controlfield tag="007">ta</controlfield>
    <controlfield tag="008">200603################g##########0#ind##</controlfield>
    <datafield tag="082" ind1="#" ind2="#">
      <subfield code="a">2x3.01</subfield>
    </datafield>
    <datafield tag="084" ind1="#" ind2="#">
      <subfield code="a">2x3.01 QAR m</subfield>
    </datafield>
    <datafield tag="100" ind1="1" ind2="#">
      <subfield code="a">Qardhawi, yusuf</subfield>
    </datafield>
    <datafield tag="245" ind1="1" ind2="#">
      <subfield code="a">Metode memahami as-sunnah dengan benar /</subfield>
      <subfield code="c">Dr. Yusuf Qardhawi</subfield>
    </datafield>
    <datafield tag="250" ind1="#" ind2="#">
      <subfield code="a">Cet. 1</subfield>
    </datafield>
    <datafield tag="260" ind1="#" ind2="#">
      <subfield code="a">Jakarta :</subfield>
      <subfield code="b">Media da'wah,</subfield>
      <subfield code="c">1994</subfield>
    </datafield>
    <datafield tag="300" ind1="#" ind2="#">
      <subfield code="a">338 hlm ;</subfield>
      <subfield code="c">12x18 cm</subfield>
    </datafield>
    <datafield tag="650" ind1="#" ind2="4">
      <subfield code="a">Pemikiran Islam</subfield>
    </datafield>
    <datafield tag="990" ind1="#" ind2="#">
      <subfield code="a">00093410</subfield>
    </datafield>
  </record>
</collection>
